000
00312nam a2200133Ia 4500
008
221030s9999 xx 000 0 und d
041
_a
English
082
_a
105.23
100
_a
T. N. Duening
245
0
_a
Management - Principles & Guidelines
_c
by T. N. Duening
260
_c
0
650
_a
Mb
942
_c
BK
999
_c
11185
_d
11185